000 00303nam a2200121 a 4500
005 20141022141959.0
008 120229s19uu xx 00 eng d
050 _aCD
_bV83 1999
100 _aVivian, John
245 _aThe media of mass communication /
_cJohn Vivian.
260 _c1999.
942 _cAVM
999 _c276185
_d276185